000 00416cam a22001451 4500
020 _a0861636872
082 _a808.068
_bKNO
100 1 _aBlyton, Enid.
_911689
245 1 0 _aFamous five
_cillustrated by Vera Neville.
_bFive go adventuring again;
260 _aNew York,
_bCrowell
_c[1951]
300 _a207 p.
_billus.
_c21 cm.
526 _a0
_b0
_c0
_d808_068000000000000_KNO
650 _aMCE
_9379
942 _2ddc
_cBK
999 _c550186
_d550186